000 01894nam a2200349 c 4500
003 BLK
005 20180420214249.0
008 180412b bul|||||r ||||||| ||bul||
010 _aKNG00009189000
040 _aBLK
041 _aBUL
_cBUL
080 _aОбществени финанси. Финансово законодателство. Подразделя се със знака за съотношение и индекса 336. 12
_b351.72
_x:336.7(497.2)(094.5.072)
_z351.72:336.7(497.2)(094.5.072)
080 _aПари. Банково дело. Борса. Валутен борд. Вж и 347.73 ; 368
_b336.7
_x(497.2)
_z336.7(497.2)
700 1 _aСпасов, Георги
_eсъстав.
_9252967
139 _aБългария. Закони и др. п.
_bБ 92
245 1 0 _aЗакон за ценните книжа, фондовите борси и инвестиционните дружества
_bОбнар., ДВ - бр. 63 от 14. 07.1995 г. : Текст, мотиви към законопроектите и кратьк комент. от Георги Спасов
_cсъстав. Георги Спасов.
257 _aBGR
260 София
_bФенея
_c1995
300 _a88 с.
_c20 см
380 _a3
650 4 _aЦенни книжа - България - нормативни актове и коментар
_9249108
650 4 _aФондова борса - България - нормативни актове и коментар
_9252968
650 4 _aИнвестиции - България - нормативни актове и коментар
_9252969
653 _aборси
653 _aценни книжа
653 _aинвестиции
852 _aЦб 184435
856 4 _qpdf
_u
856 4 _qpdf
_u
942 _cKNG
_n0
944 _aCR
_c15.01.2003
_kТеодора_Стоянова
944 _aED
_c28.11.2014
_kРенета_Константинова
999 _c7856
_d7856